| 000 | 02886nam a2200265 a 4500 | ||
|---|---|---|---|
| 001 | 000030235 | ||
| 005 | 20200930060145.0 | ||
| 008 | 110505s1999 dr ad 000 0 spa d | ||
| 020 | _a9211270545 | ||
| 040 |
_aDO-SdBNP _bspa _cBNPHU |
||
| 041 |
_aspa _heng |
||
| 082 |
_a305.42 _bA265g |
||
| 245 | 0 | 0 |
_aAgeing in a gendered world : _bwomen´s issues and identities. |
| 260 |
_aSanto Domingo : _bINSTRAW, _c1999. |
||
| 300 |
_a391 p. : _bil., diagrs. ; _c23 cm. |
||
| 505 | 0 |
_gIntroduction: ageing as a women's issue _tInternational initiatives on ageing / _rAntony de Bono -- _gSection 1: ageing and pension policies in Gendered society -- _tWomen and old-age income security in the United States / _rLaura Katz Olson -- _tWomen in the development of the Japanese welfare state / _rMisa Izuhara -- _tWomen's pensions and the impact of privatization in Britain / _rJay Ginn and Sara Arber -- _tLife-cycle income and motherhood: simulations for British women of the 1990s / _rHugh Davies, Heather Joshi and Romana Peronaci -- _tThe effect of disadvantages in early career on later career outcomes: a Canadian case study / _rIsik Urla Zeytinoglu and Caroline L. Weber -- _tGender-based barriers to career development in Australia / _rRussell Rimmer -- _gSection 2 : Care and Care-giving in family and community -- _tCaring women, cared-for women: the discourse of care-giving in Italy / _rIsabella Paoletti -- _tRepeating what you sow? Older women, housing and family dynamics in urban Mexico / _rAnn Varley and Maribel Blasco -- _tFamily Support Systems and Older Women in Sub-Saharan Africa / _rIrene Zeilinger -- _tOlder women in transitions in Estonia: continuing care-givers / _rSilva Tedre and Tiami Tulva -- _tOld age, gender and marginality in Peru: development for the elderly / _rFiona Clark -- _tCaring for the care-givers: challenges for Italian social policy / _rGiovanni Lamura, Maria Gabriella Melchiorre, Massimo Mengani -- _tGendered aspects of caring for older persons in Europe: policy data requirements / _rTatiana Sikoska |
|
| 505 | 0 |
_gSection 3 : Beyond care-giving: identity and empowerment -- _tIdentity, culture and older women / _rNoeleen O'Beirne -- _tSilencing the voices of older women / _rRachel Siegel -- _tGendered living environments for the elderly in Turkey and Sweden / _rE. Olcay Ímamoglu and Vacit Ímamoglu -- _tNavigating in unknown waters: Canadian widows negotiating relationsh / _rDeborah K. van den Hoonaard -- _tAge, migration, gender and empowerment: older migrant women in Europe / _rGail Wilson ... [et al.]. |
|
| 590 | _aInventariado, 2018/VM | ||
| 650 | 4 |
_aMujeres _xCondiciones sociales _92063 |
|
| 650 | 4 |
_aPensiones a la vejez _911122 |
|
| 650 | 4 |
_aEnvejecimiento _956924 |
|
| 650 | 4 |
_aSalud de la mujer _937714 |
|
| 710 | 2 |
_aUnited Nations International Research and Training Institute for the Advancement of Women _956925 |
|
| 910 | _aValidado. Control de calidad MFF | ||
| 999 |
_c29727 _d29727 |
||